Statystyki dla 20 największych miast we Włoszech

Kliknij tutaj aby rozwiązać quiz!

Ogólne statystyki

  • Ten quiz został rozwiązany 3,355 razy
  • Średni wynik to 9 z 20

Statystyki odpowiedzi

Liczba Ludności Miasto % poprawnych
2 872 800Rzym
100%
1 366 180Mediolan
95%
966 144Neapol
88%
882 523Turyn
86%
261 321Wenecja
77%
380 948Florencja
64%
668 405Palermo
63%
580 097Genua
57%
389 261Bolonia
48%
257 275Werona
47%
195 687Parma
37%
323 370Bari
35%
311 620Katania
24%
210 440Padwa
21%
196 745Brescia
19%
204 338Triest
16%
185 273Modena
13%
234 293Mesyna
8%
198 283Taranto
6%
193 325Prato
4%

Rozkład punktacji

Percentyl według liczby udzielonych odpowiedzi

Procent ludzi z każdym wynikiem

Twoja historia wyników

Nie rozwiązałeś tego quizu